[Event "WCO 2016"]
[Site "?"]
[Date "2016.09.11"]
[Round "9"]
[Board "10"]
[WhiteID "31000185"]
[White "Molod Jonathan"]
[BlackID "8800170"]
[Black "Lill Sami"]
[Result "0-1"]
[BlackElo "1870"]
[WhiteElo "1943"]
[LiveChessVersion "1.4.8"]

1. d4 {[%clk 1:30:26]} c6 {[%clk 1:30:56]} 2. e4 {[%clk 1:30:33]} d6
{[%clk 1:30:56]} 3. Nf3 {[%clk 1:30:41]} Bg4 {[%clk 1:31:12]} 4. Nbd2
{[%clk 1:29:55]} Qc7 {[%clk 1:31:18]} 5. Be2 {[%clk 1:29:09]} Nd7
{[%clk 1:31:14]} 6. c4 {[%clk 1:28:26]} e5 {[%clk 1:31:15]} 7. b3
{[%clk 1:27:06]} Ngf6 {[%clk 1:30:29]} 8. Bb2 {[%clk 1:24:57]} Be7
{[%clk 1:30:03]} 9. Rc1 {[%clk 1:22:30]} O-O {[%clk 1:29:29]} 10. O-O
{[%clk 1:22:06]} Rfd8 {[%clk 1:26:55]} 11. h3 {[%clk 1:21:03]} Bh5
{[%clk 1:26:53]} 12. Qc2 {[%clk 1:10:52]} a5 {[%clk 1:18:08]} 13. Rfe1
{[%clk 1:03:57]} h6 {[%clk 1:11:21]} 14. Nf1 {[%clk 1:01:09]} Bg6
{[%clk 1:04:57]} 15. Ng3 {[%clk 0:59:28]} Bf8 {[%clk 0:58:33]} 16. Nh4
{[%clk 0:57:07]} Bh7 {[%clk 0:56:40]} 17. Nhf5 {[%clk 0:56:04]} g6
{[%clk 0:47:48]} 18. Ne3 {[%clk 0:53:10]} h5 {[%clk 0:42:34]} 19. h4
{[%clk 0:49:45]} Bh6 {[%clk 0:41:45]} 20. Ngf1 {[%clk 0:46:25]} Nf8
{[%clk 0:39:10]} 21. d5 {[%clk 0:22:21]} c5 {[%clk 0:29:53]} 22. a3
{[%clk 0:19:26]} Ng4 {[%clk 0:22:53]} 23. Ra1 {[%clk 0:14:37]} Qe7
{[%clk 0:21:35]} 24. g3 {[%clk 0:12:27]} Nxe3 {[%clk 0:20:45]} 25. Nxe3
{[%clk 0:12:37]} Nd7 {[%clk 0:18:24]} 26. Bc1 {[%clk 0:11:34]} Bxe3
{[%clk 0:15:16]} 27. Bxe3 {[%clk 0:11:55]} Rf8 {[%clk 0:14:53]} 28. Bh6
{[%clk 0:11:36]} Rfe8 {[%clk 0:13:45]} 29. Bd3 {[%clk 0:11:13]} f6
{[%clk 0:11:40]} 30. Bd2 {[%clk 0:11:02]} g5 {[%clk 0:11:47]} 31. hxg5
{[%clk 0:09:34]} fxg5 {[%clk 0:11:02]} 32. Qc1 {[%clk 0:09:03]} g4
{[%clk 0:09:51]} 33. Bg5 {[%clk 0:09:00]} Qf7 {[%clk 0:09:26]} 34. Bf1
{[%clk 0:08:08]} Bg6 {[%clk 0:06:30]} 35. Bg2 {[%clk 0:08:23]} Qh7
{[%clk 0:05:52]} 36. Qe3 {[%clk 0:08:02]} Rf8 {[%clk 0:05:05]} 37. Rf1
{[%clk 0:06:11]} Rf7 {[%clk 0:03:33]} 38. Bh6 {[%clk 0:04:56]} Nf6
{[%clk 0:02:46]} 39. Rae1 {[%clk 0:04:56]} Nxe4 {[%clk 0:02:04]} 40. Bxe4
{[%clk 0:31:28]} Bxe4 {[%clk 0:31:08]} 41. Bg5 {[%clk 0:28:06]} Bd3
{[%clk 0:29:49]} 42. Qd2 {[%clk 0:18:00]} Bxf1 {[%clk 0:28:08]} 43. Rxf1
{[%clk 0:18:18]} Rf3 {[%clk 0:26:38]} 44. b4 {[%clk 0:18:07]} axb4
{[%clk 0:25:38]} 45. axb4 {[%clk 0:18:30]} b6 {[%clk 0:23:47]} 46. Qb2
{[%clk 0:17:25]} Qf5 {[%clk 0:21:36]} 47. Be7 {[%clk 0:16:42]} Qd7
{[%clk 0:17:55]} 48. Bh4 {[%clk 0:16:19]} Raa3 {[%clk 0:15:56]} 49. bxc5
{[%clk 0:15:34]} bxc5 {[%clk 0:15:35]} 50. Qc2 {[%clk 0:15:09]} Rfd3
{[%clk 0:14:21]} 51. Rb1 {[%clk 0:12:17]} Qa7 {[%clk 0:12:54]} 52. Qc1
{[%clk 0:11:59]} Qg7 {[%clk 0:11:16]} 53. Rb8+ {[%clk 0:11:47]} Kh7
{[%clk 0:11:23]} 54. Qb1 {[%clk 0:12:01]} Kg6 {[%clk 0:10:13]} 55. Qb6
{[%clk 0:09:12]} Rd1+ {[%clk 0:08:22]} 56. Kg2 {[%clk 0:08:22]} Raa1
{[%clk 0:08:28]} 57. Qxd6+ {[%clk 0:02:29]} Kh7 {[%clk 0:08:03]} 0-1

[Event "WCO 2016"]
[Site "?"]
[Date "2016.09.11"]
[Round "9"]
[Board "11"]
[WhiteID "8800820"]
[White "Dacres Don"]
[BlackID "31000142"]
[Black "Soriano Rudolph P."]
[Result "0-1"]
[BlackElo "1787"]
[WhiteElo "1713"]
[LiveChessVersion "1.4.8"]

1. c4 {[%clk 1:30:55]} e6 {[%clk 1:30:22]} 2. Nc3 {[%clk 1:30:31]} d5
{[%clk 1:30:21]} 3. cxd5 {[%clk 1:30:37]} exd5 {[%clk 1:30:25]} 4. d4
{[%clk 1:30:59]} Be7 {[%clk 1:30:16]} 5. Nf3 {[%clk 1:30:55]} Nf6
{[%clk 1:30:40]} 6. e3 O-O {[%clk 1:30:48]} 7. Bd3 {[%clk 1:29:51]} c6
{[%clk 1:29:20]} 8. O-O {[%clk 1:30:10]} Nbd7 {[%clk 1:27:25]} 9. b3
{[%clk 1:29:02]} Re8 {[%clk 1:27:07]} 10. Ne5 {[%clk 1:26:55]} Bb4
{[%clk 1:24:46]} 11. Nxd7 {[%clk 1:25:26]} Bxc3 {[%clk 1:24:32]} 12. Nxf6+
{[%clk 1:25:12]} Qxf6 {[%clk 1:24:32]} 13. Rb1 {[%clk 1:25:31]} Bb4
{[%clk 1:23:41]} 14. Qc2 {[%clk 1:23:51]} g6 {[%clk 1:22:50]} 15. Bb2
{[%clk 1:21:44]} Be6 {[%clk 1:16:40]} 16. f3 {[%clk 1:18:26]} Qg5
{[%clk 1:13:56]} 17. e4 {[%clk 1:13:41]} Rac8 {[%clk 1:11:29]} 18. Bc1
{[%clk 1:13:30]} Qf6 {[%clk 1:09:48]} 19. e5 {[%clk 1:13:24]} Qh4 20. Be3 Bf8
{[%clk 1:04:42]} 21. f4 {[%clk 1:10:13]} f5 {[%clk 1:02:53]} 22. Rf3
{[%clk 1:10:07]} Qe7 {[%clk 1:01:20]} 23. Rg3 {[%clk 1:08:55]} Qf7
{[%clk 1:00:15]} 24. Qe2 {[%clk 1:08:16]} Bg7 {[%clk 1:00:04]} 25. Rc1
{[%clk 1:08:14]} Re7 {[%clk 0:58:37]} 26. Bd2 {[%clk 1:05:29]} Rec7
{[%clk 0:57:44]} 27. Bb4 Bf8 {[%clk 0:56:56]} 28. Bxf8 {[%clk 1:03:10]} Qxf8
{[%clk 0:57:35]} 29. Qh5 {[%clk 1:02:15]} Rg7 {[%clk 0:56:53]} 30. Qd1
{[%clk 1:01:06]} Qb4 {[%clk 0:54:50]} 31. Be2 {[%clk 0:57:23]} c5
{[%clk 0:53:09]} 32. Rgc3 {[%clk 0:53:52]} Rgc7 {[%clk 0:53:01]} 33. Qd3
{[%clk 0:53:14]} Qa5 {[%clk 0:52:02]} 34. Qc2 {[%clk 0:52:03]} Qb4
{[%clk 0:49:15]} 35. Qd2 {[%clk 0:50:33]} cxd4 {[%clk 0:46:15]} 36. a3
{[%clk 0:38:44]} dxc3 {[%clk 0:44:47]} 37. Qe3 {[%clk 0:35:47]} Qxb3
{[%clk 0:42:53]} 38. Bd1 {[%clk 0:35:52]} Qxa3 {[%clk 0:42:20]} 39. h4
{[%clk 0:36:02]} Qc5 {[%clk 0:42:17]} 40. Kf2 {[%clk 0:34:23]} b5
{[%clk 0:42:06]} 41. h5 {[%clk 1:04:28]} b4 {[%clk 1:11:44]} 42. Kf3
{[%clk 1:02:54]} Qxe3+ {[%clk 1:11:57]} 43. Kxe3 {[%clk 1:03:22]} Rc4
{[%clk 1:10:21]} 44. Bc2 {[%clk 1:03:44]} d4+ {[%clk 1:10:02]} 45. Kd3
{[%clk 1:03:36]} R4c5 {[%clk 1:08:23]} 46. Kxd4 {[%clk 1:03:38]} Rd5+
{[%clk 1:06:50]} 47. Ke3 {[%clk 1:03:55]} Rd2 {[%clk 1:06:58]} 48. g4
{[%clk 1:02:59]} Rxc2 {[%clk 1:06:37]} 49. Rxc2 {[%clk 1:03:19]} b3
{[%clk 1:07:00]} 50. Rh2 {[%clk 1:02:12]} b2 {[%clk 1:07:05]} 51. hxg6
{[%clk 1:02:19]} c2 {[%clk 1:06:58]} 52. gxf5 {[%clk 1:02:16]} c1=Q+
{[%clk 1:07:05]} 53. Kf3 {[%clk 1:02:36]} Bxf5 {[%clk 1:06:31]} 54. gxh7+
{[%clk 1:02:23]} Kh8 {[%clk 1:06:30]} 55. Rf2 {[%clk 1:01:46]} Rc3+
{[%clk 1:06:35]} 56. Kg2 {[%clk 1:02:01]} Be4+ {[%clk 1:06:43]} 0-1

[Event "WCO 2016"]
[Site "?"]
[Date "2016.09.11"]
[Round "9"]
[Board "12"]
[WhiteID "31000118"]
[White "Orio Rogelio L."]
[BlackID "8800898"]
[Black "Woodley Adrian"]
[Result "1-0"]
[BlackElo "1322"]
[WhiteElo "1781"]
[LiveChessVersion "1.4.8"]

1. e4 {[%clk 1:30:37]} c5 {[%clk 1:30:51]} 2. f4 {[%clk 1:30:36]} d5
{[%clk 1:30:19]} 3. e5 {[%clk 1:30:15]} e6 {[%clk 1:29:56]} 4. Nf3
{[%clk 1:30:25]} Nc6 {[%clk 1:29:44]} 5. c3 {[%clk 1:30:13]} Nge7
{[%clk 1:28:46]} 6. Bb5 {[%clk 1:30:10]} Qb6 {[%clk 1:26:54]} 7. Bxc6+
{[%clk 1:30:08]} bxc6 {[%clk 1:25:33]} 8. O-O {[%clk 1:30:10]} Rb8
{[%clk 1:24:06]} 9. a4 {[%clk 1:29:22]} a5 {[%clk 1:23:12]} 10. d4
{[%clk 1:28:25]} Nf5 {[%clk 1:20:03]} 11. g4 {[%clk 1:26:48]} cxd4
{[%clk 1:20:16]} 12. gxf5 {[%clk 1:26:16]} dxc3+ {[%clk 1:20:35]} 13. Rf2
{[%clk 1:21:39]} Bc5 {[%clk 1:20:30]} 14. Nxc3 {[%clk 1:19:08]} Bxf2+
{[%clk 1:20:32]} 15. Kh1 {[%clk 1:19:14]} Be3 {[%clk 1:18:14]} 16. Ng5
{[%clk 1:15:16]} Bxc1 {[%clk 1:07:18]} 17. Rxc1 {[%clk 1:13:01]} Qf2
{[%clk 1:05:11]} 18. Nh3 {[%clk 0:50:46]} Qh4 {[%clk 1:04:33]} 19. Qf3
{[%clk 0:49:45]} Rxb2 {[%clk 1:04:38]} 20. Rg1 {[%clk 0:47:59]} O-O
{[%clk 1:04:43]} 21. f6 {[%clk 0:47:15]} g6 {[%clk 1:04:55]} 22. Nd1
{[%clk 0:47:20]} Rb1 {[%clk 1:01:32]} 23. Nhf2 {[%clk 0:46:54]} Rd8
{[%clk 0:59:19]} 24. Rg3 {[%clk 0:46:36]} Rxd1+ {[%clk 0:58:46]} 25. Nxd1
{[%clk 0:46:48]} Qh6 {[%clk 0:58:26]} 26. Nf2 {[%clk 0:46:06]} Qf8
{[%clk 0:58:18]} 27. Qh5 {[%clk 0:44:14]} Kh8 {[%clk 0:58:14]} 28. Qh4
{[%clk 0:42:57]} h5 {[%clk 0:55:21]} 29. Qg5 {[%clk 0:41:01]} Ba6
{[%clk 0:53:55]} 30. f5 exf5 {[%clk 0:53:38]} 31. e6 {[%clk 0:40:37]} fxe6
{[%clk 0:51:26]} 32. Qxg6 {[%clk 0:39:53]} Rd7 {[%clk 0:51:49]} 33. Nh3
{[%clk 0:36:52]} Rh7 {[%clk 0:46:25]} 34. Ng5 {[%clk 0:35:58]} Rg7
{[%clk 0:45:16]} 35. Qxh5+ {[%clk 0:34:52]} 1-0

[Event "WCO 2016"]
[Site "?"]
[Date "2016.09.11"]
[Round "9"]
[Board "13"]
[WhiteID "11400072"]
[White "Prasad Calvin"]
[BlackID "16600134"]
[Black "Suringa Jr Paquito"]
[Result "1-0"]
[BlackElo "1712"]
[WhiteElo "2013"]
[LiveChessVersion "1.4.8"]

1. Nf3 {[%clk 1:30:49]} Nf6 {[%clk 1:30:30]} 2. c4 {[%clk 1:31:12]} e6
{[%clk 1:29:46]} 3. g3 {[%clk 1:31:35]} g6 {[%clk 1:29:37]} 4. Bg2
{[%clk 1:31:38]} Bg7 {[%clk 1:28:40]} 5. O-O {[%clk 1:31:58]} O-O 6. Nc3 c6
{[%clk 1:27:31]} 7. e4 {[%clk 1:32:14]} d6 {[%clk 1:26:44]} 8. d4
{[%clk 1:31:38]} Qc7 {[%clk 1:26:08]} 9. Bf4 {[%clk 1:30:41]} Nh5
{[%clk 1:22:47]} 10. Be3 {[%clk 1:29:40]} b6 {[%clk 1:21:32]} 11. Rc1
{[%clk 1:28:53]} Bb7 {[%clk 1:20:25]} 12. d5 {[%clk 1:28:02]} Qd7
{[%clk 1:18:56]} 13. Bh3 {[%clk 1:24:29]} Na6 {[%clk 1:16:43]} 14. e5
{[%clk 1:23:55]} Bh8 {[%clk 1:15:47]} 15. dxe6 {[%clk 1:24:02]} fxe6
{[%clk 1:14:31]} 16. Ng5 {[%clk 1:24:22]} Nc7 {[%clk 1:12:52]} 17. exd6
{[%clk 1:24:11]} Ng7 {[%clk 1:10:19]} 18. dxc7 {[%clk 1:22:32]} Qxc7
{[%clk 1:10:47]} 19. Nxe6 {[%clk 1:22:08]} Qe7 {[%clk 1:06:03]} 20. Nxf8
{[%clk 1:22:02]} Rxf8 {[%clk 1:05:14]} 21. Qd7 {[%clk 1:22:05]} Qxd7
{[%clk 1:04:24]} 22. Bxd7 {[%clk 1:22:33]} Kf7 {[%clk 1:03:35]} 23. Bh6
{[%clk 1:22:10]} Rd8 {[%clk 1:03:27]} 24. Rcd1 {[%clk 1:22:27]} a6
{[%clk 0:59:57]} 25. Ne4 {[%clk 1:22:10]} Ba8 {[%clk 0:58:42]} 26. Rfe1
{[%clk 1:21:34]} c5 {[%clk 0:56:20]} 27. Ng5+ {[%clk 1:21:31]} 1-0

[Event "WCO 2016"]
[Site "?"]
[Date "2016.09.11"]
[Round "9"]
[Board "14"]
[WhiteID "16600240"]
[White "Balbalosa Jeffrey"]
[BlackID "11400064"]
[Black "Kumar Manoj"]
[Result "0-1"]
[BlackElo "1986"]
[WhiteElo "1768"]
[LiveChessVersion "1.4.8"]

1. d4 {[%clk 1:30:45]} f5 {[%clk 1:30:55]} 2. e3 {[%clk 1:30:53]} Nf6
{[%clk 1:31:20]} 3. Nf3 {[%clk 1:31:18]} e6 {[%clk 1:31:38]} 4. Bd3
{[%clk 1:31:39]} d5 {[%clk 1:30:55]} 5. Nbd2 {[%clk 1:31:58]} Bd6
{[%clk 1:28:43]} 6. b3 {[%clk 1:32:14]} O-O {[%clk 1:29:01]} 7. Bb2
{[%clk 1:32:42]} c6 {[%clk 1:24:45]} 8. O-O {[%clk 1:33:04]} Ne4 {[%clk 1:23:05]}
9. Rc1 {[%clk 1:29:25]} Bd7 {[%clk 1:20:35]} 10. c4 {[%clk 1:29:40]} Be8
{[%clk 1:20:33]} 11. c5 {[%clk 1:29:18]} Bc7 {[%clk 1:20:17]} 12. b4
{[%clk 1:28:55]} Bh5 {[%clk 1:20:00]} 13. Be2 {[%clk 1:28:46]} Nd7
{[%clk 1:10:40]} 14. Ne5 {[%clk 1:25:19]} Bxe2 {[%clk 1:09:20]} 15. Qxe2
{[%clk 1:25:42]} Qe7 {[%clk 0:33:55]} 16. f4 {[%clk 1:25:24]} Nxd2
{[%clk 0:30:46]} 17. Qxd2 {[%clk 1:25:37]} Nf6 {[%clk 0:30:35]} 18. Qe2
{[%clk 1:20:59]} Bxe5 {[%clk 0:25:09]} 19. dxe5 {[%clk 1:20:16]} Ne4
{[%clk 0:24:45]} 20. a3 {[%clk 1:19:47]} Qd7 {[%clk 0:24:47]} 21. Bd4
{[%clk 1:18:40]} Rfc8 {[%clk 0:18:28]} 22. Rc2 {[%clk 1:16:47]} h6
{[%clk 0:15:06]} 23. Rb2 {[%clk 1:13:46]} b6 {[%clk 0:12:56]} 24. Rc1
{[%clk 0:57:24]} b5 {[%clk 0:13:14]} 25. Rcc2 {[%clk 0:53:33]} a5
{[%clk 0:13:16]} 26. Ra2 {[%clk 0:52:18]} Qb7 {[%clk 0:10:52]} 27. Rcb2
{[%clk 0:49:29]} axb4 {[%clk 0:09:01]} 28. axb4 {[%clk 0:49:51]} Ra4
{[%clk 0:06:38]} 29. Qd1 {[%clk 0:41:31]} Rca8 {[%clk 0:06:47]} 30. Qb3
{[%clk 0:29:29]} Qa6 {[%clk 0:05:29]} 31. Rxa4 {[%clk 0:29:12]} bxa4
{[%clk 0:02:28]} 32. Qd1 {[%clk 0:17:51]} Qb5 {[%clk 0:02:18]} 33. h3
{[%clk 0:17:32]} a3 {[%clk 0:02:39]} 34. Ra2 {[%clk 0:17:16]} Qxb4
{[%clk 0:02:46]} 35. Kh2 {[%clk 0:16:31]} Qc4 {[%clk 0:02:40]} 36. Qb1
{[%clk 0:15:15]} Qb5 {[%clk 0:02:25]} 37. Qc1 {[%clk 0:14:28]} Qb3
{[%clk 0:02:30]} 38. Rc2 {[%clk 0:13:35]} a2 {[%clk 0:01:55]} 39. Ba1
{[%clk 0:14:02]} Qb1 {[%clk 0:01:57]} 40. Qb2 {[%clk 0:42:49]} Qxb2
{[%clk 0:32:02]} 41. Rxb2 {[%clk 0:43:18]} Nxc5 {[%clk 0:32:11]} 0-1

[Event "WCO 2016"]
[Site "?"]
[Date "2016.09.11"]
[Round "9"]
[Board "15"]
[WhiteID "11400153"]
[White "Sikivou Taione"]
[BlackID "16600010"]
[Black "Hernandez Roberto"]
[Result "1-0"]
[BlackElo "1798"]
[WhiteElo "1812"]
[LiveChessVersion "1.4.8"]

1. e4 {[%clk 1:30:56]} g6 {[%clk 1:30:51]} 2. d4 {[%clk 1:31:18]} Bg7
{[%clk 1:31:14]} 3. Nc3 {[%clk 1:30:33]} d6 {[%clk 1:31:24]} 4. f4
{[%clk 1:30:38]} Nf6 {[%clk 1:31:03]} 5. Nf3 {[%clk 1:30:43]} O-O
{[%clk 1:31:02]} 6. Bd3 {[%clk 1:30:44]} Bg4 {[%clk 1:28:07]} 7. O-O
{[%clk 1:30:29]} Nc6 {[%clk 1:27:33]} 8. Be3 {[%clk 1:28:49]} Nh5
{[%clk 1:23:49]} 9. Be2 {[%clk 1:26:52]} e5 {[%clk 1:14:23]} 10. fxe5
{[%clk 1:22:05]} Bxf3 {[%clk 1:11:58]} 11. Bxf3 {[%clk 1:20:59]} dxe5
{[%clk 1:12:04]} 12. d5 {[%clk 1:20:39]} Nd4 {[%clk 1:10:21]} 13. Bxh5
{[%clk 1:19:24]} gxh5 {[%clk 1:10:31]} 14. Ne2 {[%clk 1:16:16]} c5
{[%clk 1:08:22]} 15. c3 {[%clk 1:15:52]} Nxe2+ {[%clk 1:02:37]} 16. Qxe2
{[%clk 1:16:19]} Qh4 {[%clk 1:00:01]} 17. Bxc5 {[%clk 1:15:06]} Rfc8
{[%clk 1:00:06]} 18. Bf2 {[%clk 1:10:12]} Qg4 {[%clk 0:57:29]} 19. Qd3
{[%clk 1:10:30]} b6 {[%clk 0:52:18]} 20. h3 {[%clk 1:07:55]} Qg6 {[%clk 0:50:14]}
21. Bh4 {[%clk 1:03:32]} Qd6 {[%clk 0:45:27]} 22. Rf5 {[%clk 1:02:39]} Rc7
{[%clk 0:43:25]} 23. Raf1 {[%clk 1:00:37]} Rf8 {[%clk 0:40:05]} 24. Bf6
{[%clk 0:51:47]} Bxf6 {[%clk 0:35:06]} 25. Rxf6 {[%clk 0:52:00]} Qc5+
{[%clk 0:35:34]} 26. Kh2 {[%clk 0:51:46]} Rd7 {[%clk 0:35:02]} 27. Qg3+
{[%clk 0:51:49]} Kh8 {[%clk 0:34:28]} 28. Qxe5 {[%clk 0:52:04]} Kg8
{[%clk 0:27:09]} 29. R1f3 {[%clk 0:45:06]} Rfd8 {[%clk 0:24:58]} 30. Qg5+
{[%clk 0:39:27]} Kh8 {[%clk 0:23:08]} 31. Rg3 {[%clk 0:39:32]} Qf8
{[%clk 0:22:12]} 32. Qe5 {[%clk 0:39:21]} Re7 {[%clk 0:19:24]} 33. Qd4
{[%clk 0:38:51]} Re5 {[%clk 0:17:00]} 34. Qxe5 {[%clk 0:39:02]} Qe8
{[%clk 0:16:55]} 35. Re6+ {[%clk 0:38:53]} f6 {[%clk 0:17:01]} 36. Qxf6#
{[%clk 0:39:22]} 1-0

[Event "WCO 2016"]
[Site "?"]
[Date "2016.09.11"]
[Round "9"]
[Board "16"]
[WhiteID "16600150"]
[White "Gonzales Dennis"]
[BlackID "11400234"]
[Black "Adricula Noel A"]
[Result "0-1"]
[BlackElo "1656"]
[WhiteElo "1651"]
[LiveChessVersion "1.4.8"]

1. d4 {[%clk 1:30:57]} d5 {[%clk 1:30:51]} 2. c4 {[%clk 1:31:22]} e6
{[%clk 1:31:10]} 3. Nc3 {[%clk 1:31:29]} Nf6 {[%clk 1:31:19]} 4. Bf4
{[%clk 1:30:59]} Be7 {[%clk 1:31:17]} 5. e3 {[%clk 1:30:53]} c6 {[%clk 1:30:05]}
6. a3 {[%clk 1:25:48]} O-O {[%clk 1:29:29]} 7. Nf3 {[%clk 1:26:00]} Nbd7
{[%clk 1:26:45]} 8. Bd3 {[%clk 1:26:07]} h6 {[%clk 1:25:52]} 9. O-O
{[%clk 1:26:19]} dxc4 {[%clk 1:19:36]} 10. Bxc4 {[%clk 1:25:38]} b5
{[%clk 1:19:43]} 11. Bd3 {[%clk 1:23:56]} Bb7 {[%clk 1:19:42]} 12. Ne4
{[%clk 1:22:13]} Nxe4 {[%clk 1:17:51]} 13. Bxe4 {[%clk 1:22:31]} Rc8
{[%clk 1:17:47]} 14. b4 {[%clk 1:19:03]} Nf6 {[%clk 1:16:51]} 15. Bc2
{[%clk 1:18:08]} Bd6 {[%clk 0:53:06]} 16. Ne5 {[%clk 1:13:24]} Bxe5 17. Bxe5 Nd7
{[%clk 0:43:29]} 18. Qd3 {[%clk 1:13:02]} f5 {[%clk 0:43:31]} 19. Bg3
{[%clk 1:12:50]} Qe7 {[%clk 0:32:24]} 20. f3 {[%clk 1:11:09]} Rce8
{[%clk 0:22:02]} 21. e4 {[%clk 1:08:26]} g6 {[%clk 0:18:38]} 22. Rae1
{[%clk 1:05:03]} Qg7 {[%clk 0:18:28]} 23. Bd6 {[%clk 0:58:38]} Rf7
{[%clk 0:18:34]} 24. Rf2 {[%clk 0:57:22]} Kh8 {[%clk 0:08:47]} 25. exf5
{[%clk 0:57:16]} gxf5 {[%clk 0:08:05]} 26. f4 {[%clk 0:55:44]} Qf6
{[%clk 0:05:20]} 27. Rfe2 {[%clk 0:54:30]} Rg7 {[%clk 0:03:45]} 28. Bb3
{[%clk 0:47:43]} c5 {[%clk 0:03:14]} 29. bxc5 {[%clk 0:43:56]} Be4
{[%clk 0:03:03]} 30. Qd2 {[%clk 0:43:11]} Reg8 {[%clk 0:03:00]} 31. g3
{[%clk 0:12:59]} Qh4 {[%clk 0:02:50]} 32. Be5 {[%clk 0:03:24]} Nxe5
{[%clk 0:03:09]} 33. fxe5 {[%clk 0:03:52]} Rxg3+ {[%clk 0:03:19]} 34. Rg2
{[%clk 0:01:16]} Rxg2+ {[%clk 0:03:33]} 0-1

[Event "WCO 2016"]
[Site "?"]
[Date "2016.09.11"]
[Round "9"]
[Board "14"]
[WhiteID "11800046"]
[White "Grassi Enrico"]
[BlackID "2402076"]
[Black "Dempsey John"]
[Result "1/2-1/2"]
[BlackElo "1952"]
[WhiteElo "2049"]
[LiveChessVersion "1.4.8"]

1. e4 {[%clk 1:30:52]} c5 {[%clk 1:30:55]} 2. d4 {[%clk 1:31:10]} cxd4
{[%clk 1:31:20]} 3. c3 {[%clk 1:31:34]} g6 {[%clk 1:31:46]} 4. Nf3
{[%clk 1:30:50]} Bg7 {[%clk 1:32:04]} 5. Bc4 {[%clk 1:26:20]} d6 {[%clk 1:25:03]}
6. Qb3 {[%clk 1:17:37]} e6 {[%clk 1:22:43]} 7. Bg5 {[%clk 1:11:36]} Qc7
{[%clk 1:10:14]} 8. cxd4 {[%clk 1:10:37]} Ne7 {[%clk 1:08:16]} 9. O-O
{[%clk 1:04:03]} O-O {[%clk 1:07:54]} 10. Bd3 {[%clk 0:52:01]} Nbc6
{[%clk 1:05:16]} 11. Be3 {[%clk 0:51:28]} d5 {[%clk 0:59:19]} 12. Nc3
{[%clk 0:47:05]} Na5 {[%clk 0:54:05]} 13. Qc2 {[%clk 0:46:18]} Bd7
{[%clk 0:52:31]} 14. Rac1 {[%clk 0:45:48]} Rac8 {[%clk 0:50:34]} 15. Qd2
{[%clk 0:45:51]} Nc4 {[%clk 0:47:10]} 16. Bxc4 {[%clk 0:45:26]} dxc4
{[%clk 0:47:27]} 17. Bf4 {[%clk 0:45:09]} Qa5 {[%clk 0:45:04]} 18. Ne5
{[%clk 0:43:07]} Qd8 {[%clk 0:43:22]} 19. Bh6 {[%clk 0:39:59]} f6
{[%clk 0:30:21]} 20. Bxg7 {[%clk 0:37:13]} Kxg7 {[%clk 0:30:40]} 21. Nf3
{[%clk 0:37:34]} Bc6 {[%clk 0:30:05]} 22. Rfd1 {[%clk 0:37:23]} Qa5
{[%clk 0:25:00]} 23. d5 {[%clk 0:33:30]} exd5 {[%clk 0:24:20]} 24. exd5
{[%clk 0:33:45]} Rfd8 {[%clk 0:19:33]} 25. Qe2 {[%clk 0:31:43]} Nxd5
{[%clk 0:19:01]} 26. Nxd5 {[%clk 0:27:40]} Bxd5 {[%clk 0:19:10]} 27. Qe7+
{[%clk 0:27:36]} Bf7 {[%clk 0:18:24]} 28. Rxd8 {[%clk 0:25:15]} Rxd8
{[%clk 0:17:48]} 29. Qxb7 {[%clk 0:24:15]} c3 {[%clk 0:12:27]} 30. bxc3
{[%clk 0:21:24]} Qxc3 {[%clk 0:12:47]} 31. Re1 {[%clk 0:10:41]} Qa5
{[%clk 0:12:02]} 32. h3 {[%clk 0:10:30]} Qxa2 {[%clk 0:12:21]} 33. Re7
{[%clk 0:10:11]} a5 {[%clk 0:12:26]} 34. Qa7 {[%clk 0:09:31]} a4 {[%clk 0:12:21]}
35. Nd4 {[%clk 0:09:57]} Qa1+ {[%clk 0:06:03]} 36. Kh2 {[%clk 0:10:21]} Qxd4
{[%clk 0:06:15]} 37. Rxf7+ {[%clk 0:10:38]} Kh6 {[%clk 0:06:33]} 38. Rxh7+
{[%clk 0:10:14]} Kg5 {[%clk 0:06:55]} 39. h4+ {[%clk 0:06:46]} Kf5
{[%clk 0:06:48]} 40. Qa5+ {[%clk 0:32:13]} Rd5 {[%clk 0:36:15]} 41. Qa8
{[%clk 0:32:22]} Qf4+ {[%clk 0:32:16]} 42. Kh3 {[%clk 0:32:02]} Qg4+
{[%clk 0:32:14]} 43. Kh2 {[%clk 0:32:20]} Qf4+ {[%clk 0:32:29]} 44. Kh3
{[%clk 0:32:43]} Qg4+ {[%clk 0:32:38]} 1/2-1/2

[Event "WCO 2016"]
[Site "?"]
[Date "2016.09.11"]
[Round "9"]
[Board "16"]
[WhiteID "11800054"]
[White "Volpinari Danilo"]
[BlackID "6800092"]
[Black "Smith Michael"]
[Result "1-0"]
[BlackElo "1560"]
[WhiteElo "1976"]
[LiveChessVersion "1.4.8"]

1. e4 {[%clk 1:30:53]} e6 {[%clk 1:30:54]} 2. d3 {[%clk 1:31:10]} d5
{[%clk 1:29:50]} 3. Nd2 {[%clk 1:31:31]} Nd7 {[%clk 1:26:26]} 4. Ngf3
{[%clk 1:30:30]} Bd6 {[%clk 1:23:36]} 5. g3 {[%clk 1:27:20]} c6 {[%clk 1:14:12]}
6. Bg2 {[%clk 1:27:06]} Ngf6 {[%clk 1:10:18]} 7. O-O {[%clk 1:27:01]} O-O
{[%clk 1:09:52]} 8. Re1 {[%clk 1:26:16]} dxe4 {[%clk 1:07:07]} 9. dxe4
{[%clk 1:25:33]} Be7 {[%clk 1:05:35]} 10. e5 {[%clk 1:18:26]} Nd5
{[%clk 1:01:46]} 11. Qe2 {[%clk 1:09:49]} Qc7 {[%clk 0:56:12]} 12. h4
{[%clk 1:07:59]} Re8 {[%clk 0:54:55]} 13. Nf1 {[%clk 1:05:57]} Nf8
{[%clk 0:49:03]} 14. c4 {[%clk 1:03:05]} Nb6 {[%clk 0:46:58]} 15. h5
{[%clk 1:02:50]} Nbd7 {[%clk 0:42:05]} 16. Bf4 {[%clk 1:01:57]} b6
{[%clk 0:37:12]} 17. N1h2 {[%clk 1:01:39]} Bb7 {[%clk 0:35:47]} 18. Ng4
{[%clk 0:58:16]} c5 {[%clk 0:29:08]} 19. Rad1 {[%clk 0:54:48]} Rad8
{[%clk 0:24:42]} 20. Qe3 {[%clk 0:51:29]} Qc8 {[%clk 0:20:13]} 21. h6
{[%clk 0:43:55]} g6 {[%clk 0:17:31]} 22. Bg5 {[%clk 0:43:16]} Bxf3
{[%clk 0:15:44]} 23. Bxf3 {[%clk 0:42:35]} Qc7 {[%clk 0:11:17]} 24. Bxe7
{[%clk 0:35:14]} Rxe7 {[%clk 0:11:29]} 25. Qg5 {[%clk 0:35:30]} f6
{[%clk 0:11:24]} 26. exf6 {[%clk 0:30:41]} Rf7 {[%clk 0:10:38]} 27. Re3
{[%clk 0:28:17]} Re8 {[%clk 0:07:50]} 28. Red3 {[%clk 0:27:39]} Qc8
{[%clk 0:05:57]} 29. Bg2 {[%clk 0:25:38]} Nb8 {[%clk 0:04:12]} 30. Ne5
{[%clk 0:24:33]} Rc7 {[%clk 0:03:35]} 31. f7+ {[%clk 0:23:23]} 1-0